[Event "Club Championships Major Open"]
[Site "Wellington Chess Club"]
[Date "2019.12.12"]
[Round "12.6"]
[White "Webster, Jamie"]
[Black "Enegbuma, Wallace"]
[Result "0-1"]
[WhiteElo "1701"]
[BlackElo "1777"]

1. e4 c5 2. Nf3 a6 3. d4 cxd4 4. Nxd4 e6 5. c4 Qb6 6. a3 Nf6 7. Nc3 Nc6 8. Nxc6
dxc6 9. b4 Be7 10. Be3 Qc7 11. Be2 O-O 12. Qc2 Rd8 13. O-O e5 14. Rfd1 Be6 15.
Na4 Nd7 16. Rd2 g6 17. Rad1 b6 18. c5 b5 19. Nb2 a5 20. Rf1 axb4 21. axb4 Ra3
22. Rd3 Rda8 23. f4 Rxd3 24. Bxd3 exf4 25. Bxf4 Qd8 26. e5 Ra2 27. Be4 Qc7 28.
Qc3 Nb8 29. Nd1 Na6 30. Nf2 Ra4 31. Nd3 Qd7 32. Ra1 Rxa1+ 33. Qxa1 Qb7 34. Qe1
Nc7 35. h4 Bc4 36. g4 Nd5 37. Bh6 Qd7 38. Bxd5 Bxd5 39. e6 Bxe6 40. Qa1 Bf8 41.
Bxf8 Kxf8 42. Ne5 Qe8 43. Qd4 Bd5 44. g5 Qe6 45. Nd7+ Ke7 46. Ne5 f6 47. gxf6+
Qxf6 48. Qe3 Kd8 49. Qg5 Qxg5+ 50. hxg5 Ke7 51. Kf2 Ke6 52. Ng4 Ba2 53. Kg3 Kf5
54. Nf6 h6 55. Nh7 hxg5 56. Nf8 Be6 57. Nxe6 Kxe6 58. Kg4 Kf6 59. Kg3 Kf5 0-1

[Event "Club Championships Major Open"]
[Site "Wellington Chess Club"]
[Date "2019.12.12"]
[Round "12.7"]
[White "Ashe, Michael"]
[Black "Hurndell, Robert"]
[Result "0-1"]
[WhiteElo "1662"]
[BlackElo "1545"]

1. d4 Nf6 2. c4 e5 3. d5 Bb4+ 4. Bd2 Bxd2+ 5. Nxd2 O-O 6. e4 d6 7. h3 Nbd7 8.
Be2 Nc5 9. Qc2 a5 10. Ngf3 Nh5 11. Nxe5 Nf4 12. Nef3 Nxg2+ 13. Kd1 Nf4 14. h4
Bg4 15. Nd4 Nxe2 16. Nxe2 Qf6 17. f3 Bxf3 18. Rf1 Bxe2+ 19. Kxe2 Qxh4 20. Rh1
Qg4+ 21. Ke3 Qg5+ 22. Kf3 f5 23. Rag1 fxe4+ 24. Ke2 Qf4 25. Rf1 Qg4+ 26. Ke3
Rxf1 27. Rxf1 Re8 28. a3 a4 29. Qb1 Qg3+ 30. Ke2 Qd3+ 0-1

[Event "Club Championships Major Open"]
[Site "Wellington Chess Club"]
[Date "2019.12.12"]
[Round "12.8"]
[White "Cooke, Xandi"]
[Black "Ackroyd, William"]
[Result "1/2-1/2"]
[WhiteElo "1512"]
[BlackElo "1277"]

1. d4 Nf6 2. c4 e6 3. Nc3 Bb4 4. Bd2 d5 5. cxd5 exd5 6. Bf4 O-O 7. e3 c6 8. Bd3
Be6 9. Nf3 Nbd7 10. O-O Re8 11. Qb3 Qb6 12. Rab1 Nf8 13. a3 Be7 14. Qxb6 axb6
15. Ne2 c5 16. Rfc1 c4 17. Bc2 Nh5 18. Ra1 Nxf4 19. Nxf4 Bd6 20. Nxe6 fxe6
1/2-1/2

[Event "Club Championships Major Open"]
[Site "Wellington Chess Club"]
[Date "2019.12.12"]
[Round "12.9"]
[White "Tarzwell, Caleb"]
[Black "Asher, Bruce"]
[Result "0-1"]
[WhiteElo "1500"]
[BlackElo "1178"]

1. d4 d5 2. c4 e6 3. Nf3 Nf6 4. Bg5 h6 5. Bh4 Bb4+ 6. Nc3 O-O 7. a3 Bxc3+ 8.
bxc3 dxc4 9. e3 Qd5 10. Bxf6 gxf6 11. Be2 Qa5 12. Qc2 b5 13. O-O Bb7 14. Rfb1
Bc6 15. Rb4 f5 16. Ne5 Be4 17. Qc1 f6 18. Nf3 Nc6 19. Rb2 Rab8 20. h3 Rf7 21.
Rba2 Qb6 22. a4 Rb7 23. axb5 Qxb5 24. Nd2 Rg7 25. Nxe4 fxe4 26. Ra4 Qg5 27. Qf1
Rb3 28. Bxc4 Rxc3 29. Bxe6+ Kh7 30. d5 Ne5 31. Kh2 Qh4 32. Bf5+ Kh8 33. Rxe4
Qh5 34. Be6 Ng6 35. Rxa7 Kh7 36. g4 Qg5 37. Qe1 Rc2 38. Rea4 Qe5+ 39. Kg1 Nf4
40. Bf5+ Qxf5 41. Rxf4 Qe5 42. Rd4 Qh5 43. Kh2 Qe5+ 44. Kg2 f5 45. Ra1 fxg4 46.
hxg4 h5 47. Kf3 hxg4+ 48. Rxg4 Qxd5+ 49. e4 Qd3+ 50. Qe3 Rf7+ 51. Kg3 Qd6+ 52.
f4 Rg7 53. e5 Qe6 54. Qe4+ Rg6 55. f5 Rc3+ 56. Kf4 Rxg4+ 57. Kxg4 Qg8+ 58. Kh5
Rh3+ 59. Qh4 Rxh4+ 60. Kxh4 Qd8+ 61. Kg4 Qg8+ 62. Kf4 Qf7 63. Ra7 Kh6 64. e6
Qf6 65. Rxc7 Qd4+ 66. Kf3 Qd3+ 67. Kf4 Qd6+ 68. Ke4 Qxc7 69. Kd4 Qd8+ 70. Ke5
Kg7 71. f6+ Kg6 72. e7 Qa5+ 73. Kd6 Qb6+ 74. Kd7 Qb5+ 75. Kd6 Qb6+ 76. Kd7 Qb7+
77. Kd8 Qd5+ 78. Kc8 Qc6+ 79. Kd8 Kf7 0-1

[Event "Club Championships Major Open"]
[Site "Wellington Chess Club"]
[Date "2019.12.12"]
[Round "12.10"]
[White "Osborne, Geoff"]
[Black "Stannard, Bobby"]
[Result "0-1"]
[WhiteElo "1287"]
[BlackElo "1485"]

1. e4 e6 2. d3 d5 3. Nd2 Nf6 4. g3 d4 5. Bg2 e5 6. Ngf3 Bd6 7. O-O b5 8. Re1 c5
9. h3 Nc6 10. Nh2 O-O 11. Ndf3 Re8 12. Nh4 g6 13. Bh6 Rb8 14. N4f3 c4 15. h4
Ng4 16. Nxg4 Bxg4 17. Kh2 Qd7 18. Rh1 c3 19. b3 a5 20. Kg1 a4 21. Qc1 axb3 22.
axb3 Ra8 23. Rb1 Ba3 24. Qf1 Ra7 25. Nh2 Rea8 26. Nxg4 Qxg4 27. Bf3 Qxf3 28.
Qg2 Qxg2+ 29. Kxg2 Bb2 30. Rbg1 Nb4 31. h5 Nxc2 32. hxg6 fxg6 33. f4 exf4 34.
Bxf4 Ra1 35. Rf1 Ne3+ 36. Bxe3 dxe3 0-1

[Event "Club Championships Major Open"]
[Site "Wellington Chess Club"]
[Date "2019.12.12"]
[Round "12.11"]
[White "Darr, Samuel"]
[Black "Stoeveken, Peter"]
[Result "1-0"]
[WhiteElo "1567"]
[BlackElo "1827"]

1. e4 c5 2. c3 Nc6 3. d4 e6 4. Nf3 cxd4 5. cxd4 Bb4+ 6. Nc3 Nge7 7. Bd3 a6 8.
O-O b5 9. Bd2 Bb7 10. Nxb5 axb5 11. d5 exd5 12. Bxb5 Bxd2 13. exd5 Bb4 14. dxc6
dxc6 15. Qe2 O-O 16. Bd3 Re8 17. Qe4 Ng6 18. Qxb4 Rb8 19. Rfd1 Qf6 20. Qd4 Ne5
21. Nxe5 Rxe5 22. Qc3 Qg5 23. Re1 c5 24. Bf1 Rf5 25. Qe3 h6 26. Qxg5 Rxg5 27.
a4 Bc6 28. Re2 f5 29. Kh1 f4 30. f3 h5 31. Rc2 h4 32. h3 Rb4 33. a5 Bb5 34. a6
Bxf1 35. a7 1-0

[Event "Club Championships Major Open"]
[Site "Wellington Chess Club"]
[Date "2019.12.15"]
[Round "12.4"]
[White "Mullan, Brett"]
[Black "Kibblewhite, Daniel"]
[Result "1/2-1/2"]
[WhiteElo "1825"]
[BlackElo "1537"]

1. e4 e6 2. d4 d5 3. Nd2 Nf6 4. e5 Nfd7 5. f4 c5 6. c3 Nc6 7. Ngf3 cxd4 8. cxd4
Bb4 9. a3 Ba5 10. b4 Bb6 11. Bb2 O-O 12. Be2 f6 13. O-O fxe5 14. fxe5 Ndxe5 15.
Nxe5 Nxe5 16. Nb3 Ng6 17. Kh1 Rxf1+ 18. Qxf1 Qf6 19. Qxf6 gxf6 20. Rf1 Kg7 21.
Nc5 Bxc5 22. bxc5 Bd7 23. Bg4 Kf7 24. Bh5 Ke7 25. Bc1 b6 26. cxb6 axb6 27. g3
Bb5 28. Re1 Kd6 29. Bg4 e5 30. Bf5 Bd7 31. dxe5+ fxe5 32. Bxd7 Kxd7 33. Rf1 Rf8
34. Rd1 d4 35. Kg2 Ke6 36. Bh6 Rf7 37. Rb1 Rb7 38. Kf3 Kd5 39. Rb5+ Kc4 40. a4
Ra7 41. Rxb6 Rxa4 42. Ke4 Ra7 43. h4 Re7 44. h5 Nh8 45. Bg5 Rd7 46. Bd2 Nf7 47.
Rb4+ Kc5 48. Rb3 Nd6+ 49. Kf3 e4+ 50. Ke2 Rb7 51. Rxb7 Nxb7 52. g4 Nd6 53. Bf4
d3+ 54. Kd1 Kd5 55. g5 Nf5 56. Kd2 Kd4 57. g6 hxg6 58. h6 Nxh6 59. Bxh6 Ke5 60.
Ke3 Kf5 61. Bg7 g5 62. Bc3 g4 63. Be1 Ke5 64. Bg3+ Kd5 65. Be1 Ke5 66. Bg3+ Kf5
67. Be1 Kg5 68. Kxe4 1/2-1/2

[Event "Club Championships B Grade"]
[Site "Wellington Chees Club"]
[Date "2019.10.03"]
[Round "2"]
[White "Jackson, Ross"]
[Black "Tanoi, Edward"]
[Result "1-0"]
[WhiteElo "1964"]
[BlackElo "2016"]

1. d4 Nf6 2. c4 c5 3. d5 e6 4. Nc3 exd5 5. cxd5 d6 6. e4 g6 7. Bb5+ Nfd7 8.
Nge2 Bg7 9. a4 a6 10. Bd3 O-O 11. O-O Ne5 12. Bc2 b6 13. f4 Ng4 $2
{Provocative. Inviting  White to launch a kingside pawnstorm.} 14. h3 Nh6 15.
Rf3 Nd7 16. Be3 Bb7 17. g4 f5 18. exf5 Qe8 19. Ng3 Qd8 20. f6 Bxf6 21. g5 Bxc3
22. bxc3 Nf5 23. Nxf5 Rxf5 $5 {a creative if desperate attempt to stall and
diffuse White's attack.} 24. Bxf5 gxf5 25. c4 Qe8 26. Qc2 Qg6 27. Qc3 Rf8 28.
Kf2 b5 29. axb5 axb5 30. Ra7 b4 31. Qa1 Bc8 32. Bc1 Qh5 33. Bb2 Qh4+ 34. Kg2
Re8 {a mini initiative by Black has produced  some counterplay but his minor
pieces probably need to get into the game. If Black  can find the right plan.}
35. Qf1 Re1 $2 {but this isn't it.} 36. Qf2 Qxf2+ 37. Rxf2 Re4 38. Rc7 Nb6 39.
Rg7+ Kf8 40. Rxh7 Nxc4 41. Rh8+ Kf7 42. Rxc8 Ne3+ 43. Kf3 Nxd5 44. g6+ Kxg6 45.
Rg2+ Kf7 46. Rg7+ Ke6 47. Re8+ 1-0

[Event "Club Championships Major Open"]
[Site "Welllington Chess Club"]
[Date "2019.10.31"]
[Round "6.1"]
[White "Mullan, Brett"]
[Black "Wojnar, Maciej"]
[Result "0-1"]
[WhiteElo "1825"]
[BlackElo "2000"]

1. e4 e5 2. Nf3 f5 3. exf5 e4 4. Nd4 Qf6 5. c3 Bc5 6. Qh5+ Kf8 7. Bc4 Bxd4 8.
cxd4 Nc6 9. d5 Nd4 10. Na3 d6 11. g4 g6 12. Qh3 Nf3+ 13. Kf1 h5 14. d3 hxg4 15.
Qg3 Rh3 16. Qf4 g5 17. Qxe4 Bxf5 18. Qe2 Re8 19. Be3 Nd4 20. Qd2 Rexe3 21. fxe3
Bxd3+ 22. Ke1 Nf3+ 23. Kd1 Nxd2 24. Kxd2 Be4 25. Rhf1 Rxh2+ 26. Ke1 Bf3 27. Rb1
Qe5 0-1

[Event "Club Championships"]
[Site "Wellington Chess Club"]
[Date "2019.11.07"]
[Round "7.1"]
[White "Wojnar, Jacek"]
[Black "Wojnar, Maciej"]
[Result "1/2-1/2"]
[WhiteElo "1800"]
[BlackElo "2000"]

1. e4 e6 2. d4 d5 3. exd5 exd5 4. Bd3 Nf6 5. Qe2+ Qe7 6. Nc3 Qxe2+ 7. Ngxe2 Be7
8. O-O O-O 9. Bf4 c6 10. Rae1 Re8 11. Bxb8 Rxb8 12. Ng3 Be6 13. Bf5 Bxf5 14.
Nxf5 Kf8 15. Nxe7 Rxe7 16. Rxe7 Kxe7 17. Re1+ Kd7 18. f3 Re8 19. Rxe8 Nxe8 20.
Kf2 Nd6 21. Ne2 Nf5 22. c3 g6 23. Ng3 Nxg3 24. Kxg3 Ke6 25. f4 f5 26. h4 h5 27.
Kf3 b6 28. Ke3 Kd6 29. b3 c5 30. Kd3 Kc6 31. c4 dxc4+ 32. Kxc4 cxd4 33. Kxd4
Kd6 34. g3 a6 35. a4 a5 1/2-1/2

[Event "Club Championships"]
[Site "Wellington Chess Club"]
[Date "2019.11.21"]
[Round "9"]
[White "Cilia Vincenti, David"]
[Black "Dive, Russell"]
[Result "1/2-1/2"]
[WhiteElo "2271"]
[BlackElo "2410"]

1. d4 Nf6 2. c4 c5 3. d5 b5 4. Qc2 d6 5. e4 g6 6. cxb5 Bg7 7. Nc3 a6 8. Nf3 O-O
9. a4 e6 10. dxe6 fxe6 11. Be2 axb5 12. Bxb5 Na6 13. O-O Nb4 14. Qe2 d5 15. e5
Ng4 16. h3 Nh6 17. Re1 Bb7 18. Bg5 Qc7 19. Bd3 c4 20. Bb1 Nf7 21. Nb5 Qd7 22.
Bd2 Nc6 23. Bc3 Ba6 24. Bc2 Rab8 25. Rad1 Qe7 26. b3 cxb3 27. Bxb3 Ng5 28. Nxg5
Qxg5 29. Rxd5 exd5 30. Bxd5+ Kh8 31. Bxc6 Rbc8 32. Bd2 Qh4 33. Bd7 Qxa4 34. e6
Rb8 35. e7 Rfe8 36. Bxe8 Rxe8 37. Nc3 Bxe2 38. Nxa4 Rxe7 39. Nc3 Bxc3 40. Bxc3+
Kg8 41. f3 Kf7 42. Kf2 Bc4 43. Ra1 h5 44. Ra4 Rc7 45. h4 Ke6 46. Kg3 Bf1 47.
Re4+ Kd5 48. Be1 Rc4 1/2-1/2

[Event "Club Championships"]
[Site "Wellington Chess Club"]
[Date "2019.11.21"]
[Round "9"]
[White "Sole, Michael"]
[Black "Tanoi, Edward"]
[Result "1/2-1/2"]
[WhiteElo "2008"]
[BlackElo "2016"]

1. e4 c5 2. Nf3 Nc6 3. Nc3 d6 4. d4 cxd4 5. Nxd4 Nf6 6. f3 e6 7. Be3 e5 8. Nb3
Be6 9. Nd5 Be7 10. Qd2 O-O 11. Be2 Nd7 12. O-O Nc5 13. Rfd1 Bxd5 14. exd5 Nxb3
15. axb3 Nd4 16. Bxd4 exd4 17. Qxd4 Bf6 18. Qf2 Bxb2 19. Rxa7 Rxa7 20. Qxa7 Qe7
21. Qf2 Bc3 22. g3 Ra8 23. Kg2 Ra2 24. Bd3 g6 25. Kf1 Qe5 26. Qe2 Qf6 27. Qe4
h5 28. Kg2 Kg7 29. Rf1 Qg5 30. f4 Qf6 31. Rf2 Bd4 32. Re2 Bc3 33. Qe7 b6 $4 34.
Qxf6+ $2 (34. Qd7 Ra8 35. Re6 Qd8 36. Rxg6+ Kf8 37. Qxd6+ $18 {is crushing} )
(34. Re6 {was the position  I'd seen but didn't realise I was already lost} )
34... Kxf6 35. Kf3 Ra5 36. Be4 b5 37. Ke3 b4 38. Kd3 Rc5 39. h3 Bb2 40. Ke3 Bc3
41. g4 hxg4 42. hxg4 g5 43. Rf2 gxf4+ 44. Rxf4+ Kg5 45. Rxf7 Kxg4 46. Rd7 Be5
47. Rb7 Bf4+ 48. Ke2 Rc3 49. Bd3 Rc5 50. Bc4 Rc8 51. Rxb4 Re8+ 52. Kf2 Be3+ 53.
Kg2 Re4 54. Be2+ Kf4 55. Rxe4+ $2 {gives  up any winning chances} 55... Kxe4
56. Bc4 Kd4 57. Kf3 Bd2 58. Ke2 Bc3 59. Kd1 Ke3 60. Kc1 Kd4 61. Kb1 Kc5 62. Ka2
Kb4 63. Bf1 Bd4 64. Kb1 Kc3 65. Kc1 Bc5 66. Kd1 Bb4 67. Bg2 Kd4 68. Ke2 Bc3 69.
Kf2 Bb4 70. Kg3 Bc3 71. Kf4 Bb4 72. Kf5 Kc3 73. Be4 Kd4 74. Bf3 Kc3 75. Be4 Kd4
76. Bd3 Kxd5 77. Bc4+ Kc5 78. Ke6 Bc3 79. Kd7 d5 {draw  agreed} 1/2-1/2

[Event "Club Championships"]
[Site "Wellington Chess Club"]
[Date "2019.11.21"]
[Round "9.4"]
[White "Farrington, Lawrence"]
[Black "Rabina, Romeo"]
[Result "0-1"]
[WhiteElo "1706"]
[BlackElo "1647"]

1. e4 b6 2. g3 e6 3. Bg2 Bb7 4. Nc3 Nf6 5. d3 Bb4 6. Ne2 d5 7. a3 Be7 8. O-O d4
9. Nb1 c5 10. c3 Nc6 11. c4 e5 12. f4 O-O 13. fxe5 Nxe5 14. Nf4 Re8 15. Nd5
Nxd5 16. exd5 Bf6 17. Bf4 Qd7 18. Be4 Qh3 19. Bg2 Qg4 20. Be4 Qh3 21. Bxe5 Rxe5
22. Qf3 Qh6 23. Rd1 Rae8 24. Nd2 R8e7 25. Nf1 Re8 26. Rd2 Rh5 27. Rf2 Qg5 28.
Qf4 Qxf4 29. Rxf4 Be5 30. Rf3 Bc8 31. Rf2 Bh3 32. Rd1 Bd6 33. Bf3 Rhe5 34. Bg2
Bf5 35. h3 h6 36. g4 Bh7 37. Ng3 Re1+ 38. Rxe1 Rxe1+ 39. Kh2 Bxd3 40. b3 Re3
41. Rf3 Rxf3 42. Bxf3 Bc2 43. b4 Bd3 44. bxc5 bxc5 45. Kg2 Bxg3 46. Kxg3 Bxc4
47. Kf2 Kf8 48. d6 Ke8 49. Bc6+ Kd8 50. a4 Be6 51. a5 Bd7 52. Bd5 Be6 53. Bc6
c4 54. Ke2 f5 55. gxf5 Bxf5 56. h4 Bg4+ 57. Kd2 g5 58. hxg5 hxg5 59. Bd5 Kd7
60. Bxc4 Kxd6 61. Kd3 Ke5 62. Bb5 Bf3 63. Bd7 g4 64. Bxg4 Bxg4 65. Kd2 Ke4 0-1

[Event "Summer Cup"]
[Site "Wellington Chess Club"]
[Date "2020.01.30"]
[Round "1.1"]
[White "Ker, Anthony"]
[Black "Stoeveken, Peter"]
[Result "1-0"]
[WhiteElo "2436"]
[BlackElo "1834"]

1. e4 c5 2. Nc3 Nc6 3. f4 e5 4. fxe5 Nxe5 5. Nf3 Bd6 6. d4 cxd4 7. Nb5 Nxf3+ 8.
Qxf3 Bb4+ 9. c3 dxc3 10. bxc3 Bc5 11. Bc4 d5 12. Bxd5 Qd7 13. Rf1 Nf6 14. Bg5
Nxd5 15. O-O-O O-O 16. c4 a6 17. Rxd5 Qc6 18. Nd4 Ba3+ 19. Qxa3 Qxc4+ 20. Kb2
Qxf1 21. Qxf8+ 1-0

[Event "Summer Cup"]
[Site "Wellington Chess Club"]
[Date "2020.01.30"]
[Round "1.2"]
[White "Webster, Jamie"]
[Black "Dive, Russell"]
[Result "0-1"]
[WhiteElo "1825"]
[BlackElo "2433"]

1. e4 c6 2. d4 d5 3. e5 c5 4. dxc5 Nc6 5. f4 Bf5 6. Be3 d4 7. Bf2 e6 8. Bd3 Nh6
9. h3 Bxc5 10. Qf3 Bxd3 11. Qxd3 Nf5 12. Nd2 O-O 13. a3 a5 14. Ngf3 Ne3 15. Ng5
g6 16. g3 Nxe5 17. fxe5 Qxg5 18. Nf3 Qh5 19. Ke2 Rfd8 20. g4 Qh6 21. Bh4 Rd5
22. Bf6 Nxc2 23. Rac1 Qe3+ 24. Qxe3 Nxe3 25. Ne1 Bf8 26. g5 Bg7 27. Bxg7 Kxg7
28. Nd3 b5 29. Rc7 a4 30. Rhc1 Nc4 31. Rf1 Nxe5 32. Nxe5 Rxe5+ 33. Kd3 Rf8 34.
Kxd4 Rxg5 35. Re1 Rd8+ 0-1

[Event "Summer Cup"]
[Site "Wellington Chess Club"]
[Date "2020.01.30"]
[Round "1.4"]
[White "Van der Hoorn, Thomas"]
[Black "Wastney, Scott"]
[Result "0-1"]
[WhiteElo "1721"]
[BlackElo "2425"]

1. e4 e5 2. Nf3 Nc6 3. Bb5 a6 4. Ba4 Nf6 5. O-O b5 6. Bb3 Bc5 7. Nc3 O-O 8. d3
h6 9. h3 d6 10. Re1 Na5 11. Be3 Bxe3 12. Rxe3 c5 13. Bd5 Nxd5 14. Nxd5 f5 15.
Re1 Be6 16. b4 Bxd5 17. bxa5 Be6 18. Qd2 Ra7 19. a3 Raf7 20. Re3 g5 21. Rf1 f4
22. Ree1 h5 23. Qe2 g4 24. hxg4 hxg4 25. Nh2 Qh4 26. g3 Qh3 27. f3 fxg3 28.
Nxg4 Bxg4 29. fxg4 Rxf1+ 30. Rxf1 Rxf1+ 0-1

[Event "Summer Cup"]
[Site "Wellington Chess Club"]
[Date "2020.01.30"]
[Round "1.5"]
[White "Vincenti, David Cilia"]
[Black "Loke, Kayden"]
[Result "1-0"]
[WhiteElo "2265"]
[BlackElo "1694"]

1. d4 Nf6 2. c4 e6 3. Nc3 Bb4 4. f3 Bxc3+ 5. bxc3 b6 6. e4 h6 7. Bd3 Ba6 8. Nh3
Nc6 9. e5 Ng8 10. O-O Na5 11. Qe2 Qh4 12. Nf2 c5 13. Ne4 Nb7 14. dxc5 bxc5 15.
Rb1 Rb8 16. Nxc5 Nxc5 17. Rxb8+ Ke7 18. Ba3 d6 19. exd6+ Kxd6 20. Bxc5+ Kxc5
21. Qe5+ Kc6 22. Be4+ Kd7 23. Rd1+ Ke7 24. Qc5+ Kf6 25. Qd4+ Kg5 26. Qxg7+ Kf4
27. g3+ Qxg3+ 28. hxg3+ Ke3 29. Qd4+ 1-0

[Event "Summer Cup"]
[Site "Wellington Chess Club"]
[Date "2020.01.30"]
[Round "1.6"]
[White "Farrington, Lawrence"]
[Black "Winter, Ryan"]
[Result "0-1"]
[WhiteElo "1646"]
[BlackElo "2120"]

1. e4 c5 2. Nf3 g6 3. Nc3 Bg7 4. d4 cxd4 5. Nxd4 Nc6 6. Nf3 d6 7. h3 Nf6 8. Be3
O-O 9. Bc4 Bd7 10. O-O Rc8 11. Bd3 Na5 12. Rb1 a6 13. Qc1 Nc4 14. Nd1 Nxe3 15.
Nxe3 Bc6 16. Nd2 d5 17. exd5 Nxd5 18. Be4 Nxe3 19. fxe3 Bxe4 20. Nxe4 Qd5 21.
Nf2 Qxa2 22. c3 Qc4 23. e4 Rcd8 24. Rd1 h5 25. Qe3 Qc7 26. Kh1 Rxd1+ 27. Rxd1
Rd8 28. Rd3 Rxd3 29. Nxd3 Qd8 30. e5 Qd5 31. Qd4 Qa5 32. Qe4 Qb5 33. Qd4 Kh7
34. Kh2 f6 35. exf6 exf6 36. Qd6 f5 37. g3 Qe8 38. h4 Qe2+ 39. Kh3 Qd1 40. Qd5
Qf1+ 41. Kh2 Qe2+ 42. Kh3 f4 43. Nxf4 Qxb2 44. Nxh5 Qxc3 45. Nf4 Qc6 46. Qf7 b5
47. Ne6 Qh1+ 48. Kg4 Qe4+ 49. Kh3 Qf5+ 50. Qxf5 gxf5 51. Nc7 b4 52. Nxa6 b3 53.
Nb4 b2 0-1

[Event "Summer Cup"]
[Site "Wellington Chess Club"]
[Date "2020.01.30"]
[Round "1.7"]
[White "Nyberg, Michael"]
[Black "Ashe, Michael"]
[Result "1-0"]
[WhiteElo "2114"]
[BlackElo "1643"]

1. d4 Nf6 2. Nf3 e6 3. g3 b6 4. Bg2 Bb7 5. b3 Be7 6. Bb2 O-O 7. O-O Na6 8. c4
c5 9. Nc3 cxd4 10. Nb5 d5 11. Nfxd4 Nc5 12. cxd5 Bxd5 13. Nc6 Bxc6 14. Bxc6
Qxd1 15. Rfxd1 Rac8 16. Bf3 a6 17. Na7 Rc7 18. Nc6 Nd5 19. Nxe7+ Rxe7 20. Be5
Rd7 21. b4 Nxb4 22. Rxd7 Nxd7 23. Bd6 Rc8 24. Bxb4 1-0

[Event "Summer Cup"]
[Site "Wellington Chess Club"]
[Date "2020.01.30"]
[Round "1.9"]
[White "Stone, Andrew"]
[Black "Stracy, Don"]
[Result "1-0"]
[WhiteElo "2038"]
[BlackElo "1608"]

1. e4 c5 2. d4 cxd4 3. c3 dxc3 4. Nxc3 d6 5. Bc4 e6 6. Nf3 a6 7. O-O b5 8. Bb3
Bb7 9. Qe2 Nf6 10. e5 dxe5 11. Nxe5 Qc7 12. Bf4 Nc6 13. Ng6 Bd6 14. Bxd6 Qxd6
15. Nxh8 Qf8 16. Nxf7 Qxf7 17. Bxe6 Qe7 18. Rfe1 Kf8 19. Rad1 Re8 20. Bb3 Qc7
21. Qd3 Rxe1+ 22. Rxe1 Ne7 23. Qe3 b4 24. Qe6 Ng6 25. Nd5 Bxd5 26. Bxd5 Nf4 27.
Qxa6 N4xd5 28. Qa8+ Kf7 29. h3 Kg6 30. a4 bxa3 31. bxa3 Qc3 32. Rf1 Nb6 33. Qb8
Nbd5 34. Rb1 Qc2 35. Qg3+ Kf7 36. Rb7+ Ne7 37. Qd6 Qe2 38. a4 Qe6 39. Qxe6+
Kxe6 40. a5 Nfd5 41. a6 Kd6 42. a7 Nc7 43. Rxc7 1-0

[Event "Summer Cup"]
[Site "Wellington Chess Club"]
[Date "2020.01.30"]
[Round "1.10"]
[White "Darr, Samuel"]
[Black "Benitez, Edgar"]
[Result "0-1"]
[WhiteElo "1592"]
[BlackElo "2037"]

1. e4 e5 2. Nf3 Nc6 3. Bc4 Bc5 4. O-O Nf6 5. d3 h6 6. Be3 d6 7. Nc3 Bb6 8. Re1
O-O 9. d4 Nxe4 10. Nxe4 d5 11. Nf6+ Qxf6 12. dxe5 Qg6 13. Bxb6 dxc4 14. Bxc7
Bg4 15. Re3 Rfe8 16. Nh4 Qh5 17. f3 Be6 18. Re4 Nb4 19. a3 Nd5 20. Bd6 Rac8 21.
Qe1 g5 22. Qg3 Kh7 23. Rd1 Rg8 24. Nf5 Bxf5 25. Rxd5 Bxe4 26. fxe4 Qe2 27. Rd4
Rce8 28. Qc3 b5 29. a4 a6 30. axb5 axb5 31. b3 cxb3 32. cxb3 Rc8 33. Qd2 Rc2
34. Qxe2 Rxe2 35. Rb4 Rc8 36. Kf1 0-1

[Event "Summer Cup"]
[Site "Wellington Chess Club"]
[Date "2020.01.30"]
[Round "1.11"]
[White "Carroll, Lewis"]
[Black "Sellen, Ian"]
[Result "0-1"]
[WhiteElo "1574"]
[BlackElo "2022"]

1. Nf3 d5 2. c4 e6 3. d4 Nf6 4. Nc3 Be7 5. Bg5 h6 6. Bh4 O-O 7. e3 b6 8. Rc1
Nbd7 9. cxd5 exd5 10. a3 Bb7 11. Ne5 c5 12. Bb5 cxd4 13. Nxd7 dxc3 14. Nxf8
cxb2 15. Rc3 Kxf8 16. Bd3 d4 17. exd4 Qxd4 18. Qc2 Qxh4 19. O-O Bd6 20. g3 Qh3
0-1

[Event "Summer Cup"]
[Site "Wellington Chess Club"]
[Date "2020.01.30"]
[Round "1.12"]
[White "Hurndell, Robert"]
[Black "Sole, Michael"]
[Result "0-1"]
[WhiteElo "1553"]
[BlackElo "2014"]

1. e4 c5 2. Nf3 Nc6 3. d4 cxd4 4. Nxd4 Nf6 5. Nc3 e5 6. Nb3 Bb4 7. f3 d5 8. Bg5
d4 9. a3 Bxc3+ 10. bxc3 dxc3 11. Qxd8+ Nxd8 12. O-O-O O-O 13. Bc4 Be6 14. Bxe6
Nxe6 15. Bxf6 gxf6 16. Rd7 b6 17. Rhd1 a5 18. a4 b5 19. axb5 a4 20. Na1 Nd4 21.
b6 Rfb8 22. R1xd4 exd4 23. Rxd4 Rxb6 24. Rc4 Rab8 0-1

[Event "Summer Cup"]
[Site "Wellington Chess Club"]
[Date "2020.01.30"]
[Round "1.13"]
[White "Tanoi, Edward"]
[Black "Kibblewhite, Daniel"]
[Result "1-0"]
[WhiteElo "2001"]
[BlackElo "1526"]

1. e4 e6 2. d4 d5 3. Nc3 Bb4 4. e5 c5 5. a3 Bxc3+ 6. bxc3 Qa5 7. Bd2 c4 8. Ne2
Nc6 9. Nf4 Nge7 10. Be2 Bd7 11. O-O O-O-O 12. Bf3 f6 13. exf6 gxf6 14. Re1 e5
15. Nh5 e4 16. Bg4 Bxg4 17. Qxg4+ f5 18. Qh3 Nxd4 19. Bg5 Nxc2 20. Bxe7 Rd7 21.
Bb4 Qc7 22. Nf6 Rdd8 23. Qxf5+ Kb8 24. Nxd5 Qd7 25. Qe5+ Kc8 26. Ne7+ 1-0

[Event "Summer Cup"]
[Site "Wellington Chess Club"]
[Date "2020.01.30"]
[Round "1.14"]
[White "Jackson, Ross"]
[Black "Stannard, Lars"]
[Result "1-0"]
[WhiteElo "1993"]
[BlackElo "1511"]

1. d4 d5 2. c4 e6 3. Nf3 Nf6 4. cxd5 exd5 5. Bg5 h6 6. Bh4 Be7 7. Nc3 O-O 8. e3
c6 9. Bd3 Bg4 10. h3 Bxf3 11. gxf3 Nbd7 12. Rg1 Nh7 13. Bg3 b5 14. f4 Bf6 15.
Qc2 g6 16. O-O-O b4 17. Na4 Nb6 18. Nc5 Re8 19. h4 Bxh4 20. Bxh4 Qxh4 21. Bxg6
Nf6 22. Rh1 Qg4 23. Rdg1 Qf3 24. Be4+ Qg4 25. Rxg4+ Nxg4 26. Bf5 Nxe3 27. fxe3
Rxe3 28. Qg2+ Kf8 29. Rxh6 Ke7 30. Qg5+ 1-0

[Event "Summer Cup"]
[Site "Wellington Chess Club"]
[Date "2020.01.30"]
[Round "1.15"]
[White "He, Paul"]
[Black "Stannard, Bobby"]
[Result "1-0"]
[WhiteElo "1931"]
[BlackElo "1499"]

1. Nf3 d5 2. c4 e6 3. g3 Nf6 4. Bg2 c5 5. O-O Nc6 6. cxd5 exd5 7. d4 Qa5 8.
dxc5 Bxc5 9. e3 d4 10. exd4 Nxd4 11. Nc3 Ng4 12. Nxd4 Bxd4 13. Qe2+ Be6 14.
Qb5+ Qxb5 15. Nxb5 Bxf2+ 16. Rxf2 Nxf2 17. Kxf2 O-O 18. Be3 a6 19. Nc7 Rac8 20.
Bf4 b5 21. Bb7 Rcd8 22. Bxa6 b4 23. a4 h6 24. a5 g5 25. Be3 Rd7 26. Nxe6 fxe6+
27. Ke2 Rc7 28. Bd3 Re8 29. a6 e5 30. b3 e4 31. Bc4+ Kf8 32. a7 Ra8 33. Bd5 1-0

[Event "Summer Cup"]
[Site "Wellington Chess Club"]
[Date "2020.01.30"]
[Round "1.16"]
[White "Langford, Josh"]
[Black "Chen, Wei Kai"]
[Result "0-1"]
[WhiteElo "1413"]
[BlackElo "1930"]

1. e4 e5 2. Nf3 Nc6 3. Bc4 Nf6 4. d4 exd4 5. O-O d5 6. exd5 Nxd5 7. Nxd4 Nxd4
8. Qxd4 Be6 9. Re1 c6 10. f4 Qa5 11. Qd2 Qc5+ 12. Qf2 Qxc4 13. f5 Bc5 14. Be3
Nxe3 15. Rxe3 Bxe3 16. Qxe3 O-O 17. fxe6 fxe6 18. Nc3 Rad8 19. Re1 Qd4 20. Qxd4
Rxd4 21. Rxe6 Rd2 22. Re2 Rxe2 23. Nxe2 Rd8 0-1

[Event "Summer Cup"]
[Site "Wellington Chess Club"]
[Date "2020.01.30"]
[Round "1.17"]
[White "He, Caleb"]
[Black "Ackroyd, William"]
[Result "1-0"]
[WhiteElo "1913"]
[BlackElo "1384"]

1. c4 e5 2. g3 Nf6 3. Bg2 c6 4. d4 e4 5. d5 Bb4+ 6. Bd2 Qa5 7. Nc3 e3 8. fxe3
Qc5 9. Qb3 a5 10. a3 Bxc3 11. Qxc3 b5 12. b3 cxd5 13. cxd5 Qxc3 14. Bxc3 Bb7
15. Bxf6 gxf6 16. Nh3 Na6 17. Rf1 Rc8 18. Rxf6 Rc3 19. Rb6 Nc5 20. Rxb5 1-0